Statistiken für Liedtext - One Piece - Die Legende

Klicken Sie hier um das Quiz zu spielen!

Allgemein

  • Dieses Quiz wurde 540 mal gespielt
  • Das Durchschnittsergebnis liegt bei 105 aus 142

Antwortstatistiken

Liedtext% Korrekt
Der
95%
der
95%
One
93%
Piece
93%
auf
90%
den
90%
das
88%
Schatz
88%
Welt
86%
größten
85%
ihr
84%
Ihr
84%
Piraten
84%
Gold
83%
hab
83%
dies
82%
ich
82%
Roger
82%
ihn
81%
König
81%
wollt
81%
er
80%
Irgendwo
80%
irgendwo
80%
Legende
80%
meinen
80%
und
80%
versteckt
80%
doch
79%
Spur
79%
Sucht
79%
Grand
78%
haben
78%
könnt
78%
Line
78%
Meer
78%
Mann
77%
war
77%
Einer
74%
ist
74%
Weg
74%
dein
73%
dich
73%
große
73%
alles
72%
seine
72%
Worte
72%
Dieser
71%
hinterher
71%
letzten
71%
liegt
71%
Macht
71%
Reichtum
71%
waren
71%
hat
70%
Ruhm
70%
übers
70%
Finde
69%
Freunde
69%
Wolken
69%
an
68%
Piratenzeitalter
68%
wurde
68%
Als
67%
führt
67%
hingerichtet
67%
Du
66%
begleiten
65%
brach
65%
Damit
65%
Deine
65%
es
65%
Immer
64%
werden
64%
hast
63%
sich
63%
diesem
62%
hält
61%
erkämpft
59%
mehr
59%
nichts
59%
dafür
58%
gibt
58%
hart
58%
trainiert
58%
Hier
56%
Sternen
50%
von
50%
Lass
44%
Wind
44%
auf's
43%
Träumen
42%
deinen
41%
hinaus
41%
treibt
38%
führ'n
37%
Jag
36%

Verteilung der Resultate

Perzentil nach korrekt beantworteten Fragen

Anzahl Personen mit jedem Resultat

Ihre Resultats-Entwicklung

Sie haben dieses Quiz noch nicht gespielt